[Event "SVK-chT4 A22 1819"]
[Site "Slovakia"]
[Date "2018.12.16"]
[Round "5.3"]
[White "Bojnansky, Juraj"]
[Black "Sandor, Stefan"]
[Result "1-0"]
[WhiteElo "1606"]
[BlackElo "1583"]
[PlyCount "78"]
[EventDate "2018.10.14"]
[EventType "team-tourn"]
[EventRounds "11"]
[EventCountry "SVK"]
[SourceTitle "EXT 2020"]
[Source "ChessBase"]
[SourceDate "2019.10.17"]
[SourceVersion "1"]
[SourceVersionDate "2019.10.17"]
[SourceQuality "1"]

1. d4 Nf6 2. Nf3 e6 3. c4 d5 4. Nc3 Be7 5. g3 0-0 6. Bg2 b6 7. cxd5 exd5 8. Ne5 Bb7 9. 0-0 c6 10. Qc2 Nbd7 11. f4 Ne8 12. Qf5 Ndf6 13. Bd2 Nd6 14. Qd3 Qc8 15. Rac1 Nde4 16. Nxd5 Nxd5 17. Bxe4 Nf6 18. Bxc6 Bxc6 19. Rxc6 Qh3 20. Rfc1 Rad8 21. e4 Bd6 22. Nf3 Ng4 23. e5 Be7 24. Qf1 Qxf1+ 25. Rxf1 Nh6 26. Rd1 Rd7 27. Bc3 Rfd8 28. Kf2 Nf5 29. g4 Nh4 30. Nxh4 Bxh4+ 31. Ke3 Be7 32. Ke4 f6 33. d5 fxe5 34. fxe5 Rf8 35. e6 Rd6 36. Rxd6 Bxd6 37. Be5 Rd8 38. Bxd6 Rxd6 39. Ke5 Rd8 1-0

[Event "SVK-chT4 A22 1819"]
[Site "Slovakia"]
[Date "2018.10.14"]
[Round "1.1"]
[White "Bojnansky, Juraj"]
[Black "Sebok, Kristian"]
[Result "0-1"]
[WhiteElo "1606"]
[BlackElo "1593"]
[PlyCount "120"]
[EventDate "2018.10.14"]
[EventType "team-tourn"]
[EventRounds "11"]
[EventCountry "SVK"]
[SourceTitle "EXT 2020"]
[Source "ChessBase"]
[SourceDate "2019.10.17"]
[SourceVersion "1"]
[SourceVersionDate "2019.10.17"]
[SourceQuality "1"]

1. d4 d5 2. c4 c6 3. Nc3 Nf6 4. Nf3 e6 5. Bg5 Be7 6. e3 h6 7. Bh4 Nh7 8. Bg3 Nd7 9. cxd5 cxd5 10. Bb5 0-0 11. Qc2 Ng5 12. Ne5 Nxe5 13. Bxe5 f5 14. Ne2 Bb4+ 15. Nc3 Bd7 16. 0-0 Bxb5 17. Nxb5 a6 18. Qb3 Qe7 19. Nc3 Bxc3 20. Qxc3 Nf7 21. Rac1 Nxe5 22. dxe5 Qd7 23. Qc7 Qb5 24. Rc2 Kh7 25. h4 Qb4 26. g3 Qb5 27. Rfc1 Rac8 28. Qd6 Rxc2 29. Rxc2 Re8 30. Rc7 Qxb2 31. Qd7 Qxe5 32. Rxb7 Rb8 33. Rxb8 Qxb8 34. Qxe6 Qb1+ 35. Kh2 Qxa2 36. Qxf5+ Kg8 37. g4 Qc4 38. Kg3 a5 39. Qe6+ Kh7 40. g5 hxg5 41. hxg5 Qe4 42. Qb6 a4 43. f3 Qd3 44. Kg4 a3 45. Kh5 Qf5 46. Kh4 a2 47. e4 dxe4 48. Qb2 Qf4+ 49. Kh3 Qxf3+ 50. Kh2 Qh5+ 51. Kg2 Qxg5+ 52. Kh3 Qd5 53. Kg4 Qd1+ 54. Kf5 Qb1 55. Qh2+ Kg8 56. Qc7 e3+ 57. Kg5 Qb5+ 58. Kg6 Qe8+ 59. Kg5 a1Q 60. Qc4+ Kf8 0-1

[Event "SVK-chT4 A22 1718"]
[Site "Slovakia"]
[Date "2017.11.12"]
[Round "4.6"]
[White "Bohunicky, Pavol"]
[Black "Bojnansky, Juraj"]
[Result "1/2-1/2"]
[WhiteElo "1615"]
[BlackElo "1594"]
[PlyCount "95"]
[EventDate "2017.10.01"]
[EventType "team-tourn"]
[EventRounds "11"]
[EventCountry "SVK"]
[SourceTitle "EXT 2020"]
[Source "ChessBase"]
[SourceDate "2019.10.17"]
[SourceVersion "1"]
[SourceVersionDate "2019.10.17"]
[SourceQuality "1"]

1. e4 e6 2. d4 c5 3. Nf3 Nc6 4. d5 exd5 5. exd5 Qe7+ 6. Be2 Ne5 7. 0-0 d6 8. Re1 Bd7 9. Bg5 f6 10. Bf4 0-0-0 11. a4 g5 12. Bg3 h5 13. h4 Qg7 14. Nc3 Nh6 15. Nb5 a6 16. Nc3 Nf5 17. Ne4 Nxg3 18. Nxg3 Be7 19. Nxe5 fxe5 20. hxg5 h4 21. Ne4 Bf5 22. Bg4 Bxg4 23. Qxg4+ Kc7 24. Ra3 Qg6 25. Rh3 Rdg8 26. Rxh4 Rxh4 27. Qxh4 Bxg5 28. Nxg5 Qxg5 29. Qxg5 Rxg5 30. Re4 b5 31. axb5 axb5 32. b3 Kd7 33. g3 Ke7 34. Kg2 Kf6 35. Kh3 Kf5 36. Re2 e4 37. c4 bxc4 38. bxc4 Rh5+ 39. Kg2 Rh6 40. f3 exf3+ 41. Kxf3 Rf6 42. Re4 Rg6 43. Rf4+ Ke5 44. Rg4 Rf6+ 45. Rf4 Rh6 46. Kg4 Rg6+ 47. Kh4 Rxg3 48. Kxg3 1/2-1/2

[Event "SVK-chT4 A22 1718"]
[Site "Slovakia"]
[Date "2017.10.01"]
[Round "1.3"]
[White "Bojnansky, Juraj"]
[Black "Fajnor, Dusan"]
[Result "1-0"]
[WhiteElo "1594"]
[BlackElo "1614"]
[PlyCount "49"]
[EventDate "2017.10.01"]
[EventType "team-tourn"]
[EventRounds "11"]
[EventCountry "SVK"]
[SourceTitle "EXT 2020"]
[Source "ChessBase"]
[SourceDate "2019.10.17"]
[SourceVersion "1"]
[SourceVersionDate "2019.10.17"]
[SourceQuality "1"]

1. d4 d5 2. c4 c6 3. Nc3 e6 4. Nf3 Nf6 5. a3 Be7 6. e3 0-0 7. b4 dxc4 8. Bxc4 Nbd7 9. Bb2 Nd5 10. e4 Nxc3 11. Bxc3 Nf6 12. Qc2 Qc7 13. g3 h6 14. Rd1 Rd8 15. Ba2 b6 16. Bb1 g6 17. Ne5 Kg7 18. Nxg6 fxg6 19. e5 Ng8 20. Qxg6+ Kf8 21. Rd3 Bf6 22. Rf3 Qg7 23. exf6 Qxg6 24. Bxg6 Nxf6 25. d5 1-0

[Event "SVK-chT4 A22 1516"]
[Site "Slovakia"]
[Date "2016.02.28"]
[Round "9.4"]
[White "Vlkovic, Pavol"]
[Black "Bojnansky, Juraj"]
[Result "1-0"]
[WhiteElo "1794"]
[BlackElo "1703"]
[PlyCount "99"]
[EventDate "2015.10.04"]
[EventType "team-tourn"]
[EventRounds "11"]
[EventCountry "SVK"]
[SourceTitle "EXT 2020"]
[Source "ChessBase"]
[SourceDate "2019.10.17"]
[SourceVersion "1"]
[SourceVersionDate "2019.10.17"]
[SourceQuality "1"]

1. e4 c5 2. Nf3 Nc6 3. d3 g6 4. g3 Bg7 5. c3 d5 6. Qe2 Bg4 7. h3 Bxf3 8. Qxf3 d4 9. c4 Nf6 10. Bg2 0-0 11. 0-0 Rb8 12. Qe2 e5 13. Na3 a6 14. Kh2 Nd7 15. Bd2 f5 16. exf5 Rxf5 17. Be4 Rf8 18. h4 Nf6 19. Bg5 Qd6 20. Bxf6 Rxf6 21. Nc2 b5 22. cxb5 axb5 23. Na3 Nb4 24. Kg2 Qa6 25. Nc2 Nxd3 26. Qxd3 c4 27. Qa3 Qc8 28. Nb4 Bf8 29. Qa5 Qg4 30. f3 Bxb4 31. Qxb4 Qd7 32. Qc5 Qe8 33. a4 bxa4 34. Qxc4+ Kg7 35. Rf2 Rfb6 36. Rxa4 Rc8 37. Ra7+ Kh8 38. Qa4 Qxa4 39. Rxa4 Rcb8 40. Ra8 Kg7 41. Rxb8 Rxb8 42. Rc2 Rb3 43. Rc7+ Kh8 44. Rb7 Re3 45. Kf2 Kg8 46. g4 h5 47. g5 Kh8 48. Bxg6 e4 49. Bxe4 Kg8 50. g6 1-0

[Event "SVK-chT3A2 1516"]
[Site "Slovakia"]
[Date "2016.01.31"]
[Round "7.1"]
[White "Nemeckay, Rastislav"]
[Black "Bojnansky, Juraj"]
[Result "1-0"]
[WhiteElo "1983"]
[BlackElo "1713"]
[PlyCount "71"]
[EventDate "2015.10.11"]
[EventType "team-tourn"]
[EventRounds "11"]
[EventCountry "SVK"]
[SourceTitle "EXT 2020"]
[Source "ChessBase"]
[SourceDate "2019.10.17"]
[SourceVersion "1"]
[SourceVersionDate "2019.10.17"]
[SourceQuality "1"]
[WhiteTeam "Senica CVC"]
[BlackTeam "Hlohovec"]
[WhiteTeamCountry "SVK"]
[BlackTeamCountry "SVK"]

1. e4 c5 2. Nf3 Nc6 3. d4 e6 4. d5 exd5 5. exd5 Qe7+ 6. Be2 Ne5 7. 0-0 d6 8. Bb5+ Bd7 9. Bxd7+ Qxd7 10. Nxe5 dxe5 11. Re1 f6 12. c4 Bd6 13. Nc3 a6 14. Ne4 Ne7 15. Qh5+ Ng6 16. f4 0-0-0 17. Nxd6+ Qxd6 18. fxe5 Nxe5 19. Bf4 Rde8 20. Bxe5 Rxe5 21. Rxe5 Qxe5 22. Qxe5 fxe5 23. Rf1 Rd8 24. Rf7 Rd7 25. Rxd7 Kxd7 26. Kf2 b5 27. b3 b4 28. Ke3 Ke7 29. Ke4 Kd6 30. Kf5 g6+ 31. Ke4 h6 32. g4 a5 33. h3 h5 34. gxh5 gxh5 35. Kf5 h4 36. Ke4 1-0